000 00415 a2200169 4500
001 157038
020 _a9788574421179
040 _cEscola São Tomás de Aquino
100 _aLEMOS, Ana Gabriela Souza
240 1 0 _aA menina da fita
_lpor
245 1 0 _aA menina da fita
300 _a30 p.
362 0 _a2011
440 1 _aMiguilim
697 _aDesenho gráfico, ilustrações, arte comercial
942 _cBK
999 _c157038
_d157038